Phase diagram of titanium from first principles calculations

Enregistré dans:
Détails bibliographiques
Auteur principal: Bujdák, Radovan (Auteur)
Autres auteurs: Antušek, Andrej (Directeur de thèse)
Format: Manuscrit Livre
Langue:slovaque
anglais
Publié: 2019
Sujets:
Accès en ligne:http://is.stuba.sk/zp/portal_zp.pl?podrobnosti=139536
Tags: Ajouter un tag
Pas de tags, Soyez le premier à ajouter un tag!

MARC

LEADER 00000ntm a22000003a 4500
001 stuzp73914
003 SK-STU
005 20190622211430.7
007 ta
008 150427s2015----xo-----f-mn---000-0-slo-d
040 |a STU  |b slo 
041 0 |a eng 
100 1 |a Bujdák, Radovan  |u 061000  |4 aut  |U MTF Materiálovotechnologická fakulta  |T MTF Ústav materiálov  |X 75997  |U M1000  |Y 81  |7 75997 
242 0 1 |a Fázový diagram titánu z výpočtov z prvých princípov  |y slo 
245 1 0 |a Phase diagram of titanium from first principles calculations 
260 |c 2019 
650 4 |a Gibbsova voľná energia  |2 slo 
650 4 |a Fázový diagram  |2 slo 
650 4 |a Výpočty z prvých princípov  |2 slo 
650 4 |a Teória funkcionálu hustoty  |2 slo 
650 4 |a Helmholtzova voľná energia  |2 slo 
650 4 |a Phase diagram  |2 eng 
650 4 |a Calculations from first principles  |2 eng 
650 4 |a Density functional theory  |2 eng 
650 4 |a Gibbs free energy  |2 eng 
650 4 |a Helmholtz free energy  |2 eng 
700 1 |a Antušek, Andrej  |u 067000  |k Z2  |4 ths  |U MTF Materiálovotechnologická fakulta  |T MTF Ústav výskumu progresívnych technológií  |X 4919  |U MN7000  |Y 87  |7 A000004919 
856 4 |u http://is.stuba.sk/zp/portal_zp.pl?podrobnosti=139536 
996 |c M* BP-8497  |l MMSKP  |s P  |a 0  |w stuzp73914_0001